Vývoj kapitálu komerčných bánk na Slovensku bakalárska práca

Salvato in:
Dettagli Bibliografici
Autore principale: Melúch, Ján
Ente Autore: Národohospodárska fakulta EU. Katedra bankovníctva a medzinárodných financií
Altri autori: Cupak, Andrej, 1988-
Natura: Libro
Lingua:slovacco
Pubblicazione: Bratislava 2022
Tags: Aggiungi Tag
Nessun Tag, puoi essere il primo ad aggiungerne!!

MARC

LEADER 00000nbm a2200000 4500
001 0285083
005 20241106142934.2
041 0 |a slo 
044 |a SK 
245 1 0 |a Vývoj kapitálu komerčných bánk na Slovensku  |b bakalárska práca  |c Ján Melúch ; školiteľ: Andrej Cupak 
264 1 |a Bratislava  |c 2022 
300 |a 47 s. 
100 1 |a Melúch, Ján 
700 1 |a Cupak, Andrej, 1988- 
710 2 |a Národohospodárska fakulta EU. Katedra bankovníctva a medzinárodných financií